| 000 | 00403nam a2200169Ia 4500 | ||
|---|---|---|---|
| 008 | 170705s9999 xx 000 0 und d | ||
| 020 | _a9780545117593 | ||
| 245 | _aBallet kitty / | ||
| 245 | _cby Bernette Ford and Sam Williams. | ||
| 260 | _aNew York : | ||
| 260 | _bScholastic, | ||
| 260 | _c2007 | ||
| 300 | _aunpaged : | ||
| 300 | _bcolor illustration ; | ||
| 300 | _c25cm. | ||
| 500 | _a480 | ||
| 999 |
_c337402 _d337402 |
||